Manažment času pri práci z domu bakalárska práca

Na minha lista:
Detalhes bibliográficos
Autor principal: Gondová, Beáta
Autor Corporativo: Fakulta podnikového manažmentu EU. Katedra manažmentu
Outros Autores: Čirčová, Vanda, 1997-
Formato: Livro
Idioma:eslovaco
Publicado em: Bratislava 2024
Tags: Adicionar Tag
Sem tags, seja o primeiro a adicionar uma tag!

MARC

LEADER 00000nbm a2200000 4500
001 0304064
005 20250210093621.0
041 0 |a slo 
044 |a SK 
245 1 0 |a Manažment času pri práci z domu  |b bakalárska práca  |c Beáta Gondová ; školiteľ: Vanda Čirčová 
264 1 |a Bratislava  |c 2024 
300 |a 92 s. 
100 1 |a Gondová, Beáta 
700 1 |a Čirčová, Vanda, 1997- 
710 2 |a Fakulta podnikového manažmentu EU. Katedra manažmentu